| 000 | 00469nam a22001817a 4500 | ||
|---|---|---|---|
| 003 | OSt | ||
| 005 | 20260309170120.0 | ||
| 008 | 260309b |||||||| |||| 00| 0 eng d | ||
| 020 | _a9789373072951 | ||
| 082 |
_a294.3372 _bSONR |
||
| 100 | _aFaleiro, Sonia | ||
| 245 | _aRobe and the Sword : How Buddhist Extremism is Shaping Modern Asia | ||
| 260 |
_aNew Delhi _bFourth Estate _c2026 |
||
| 300 | _a152p | ||
| 546 | _aEnglish | ||
| 650 | _aReligion | ||
| 942 |
_2ddc _cBK |
||
| 999 |
_c3962 _d3962 |
||